| 000 | 01103nam a2200277Ia 4500 | ||
|---|---|---|---|
| 003 | OSt | ||
| 005 | 20221005111709.0 | ||
| 006 | a|||||r|||| 00| 0 | ||
| 007 | ta | ||
| 008 | 221004b |||||||| |||| 00| 0 hin d | ||
| 020 |
_a9789380916897 (hbk) _c995 |
||
| 024 | _a12833 | ||
| 037 |
_b271, 03/03/2014, Vani Prakashan _cTextual |
||
| 040 |
_aCRL _cCRL _bhin |
||
| 041 |
_2hin _ahin |
||
| 082 | _aa3152-494, 152Q4 | ||
| 100 | _aअग्रवाल, गिरिराजशरण | ||
| 245 | 0 | _aहिंदी तुलनात्मक शोध संदर्भ | |
| 246 | _aHiandī tulanātmak shodh sandarbha | ||
| 260 |
_aबिजनौर _bहिंदी साहित्य निकेतन भारत _c2014 |
||
| 300 |
_a503पृ0 _ccm. |
||
| 650 | _aएशिया-वैज्ञानिक | ||
| 700 | _a अग्रवाल, मीना | ||
| 942 |
_ha3152-494, 152Q4 _cTEXL _2cc |
||
| 999 |
_c1022617 _d1022617 |
||